|
|
|
|
| LEADER |
02440njm a2200493 a 4500 |
| 001 |
000598136 |
| 003 |
CZ BrMZK |
| 005 |
20140410101409.0 |
| 008 |
020503s2002 xr fm f cze d |
| 028 |
0 |
1 |
|a SU 5381-4 411
|b Supraphon
|
| 040 |
|
|
|a BOA001
|b cze
|
| 047 |
|
|
|a fm
|a zz
|a wz
|a mz
|
| 080 |
|
|
|a 785.12
|2 MRF
|
| 080 |
|
|
|a (086.7)
|2 MRF
|
| 100 |
1 |
|
|a Poncar, Josef,
|d 1902-1986
|7 jn20000620287
|4 cmp
|
| 245 |
1 |
0 |
|a Přes dvě vesnice
|h [zvukový záznam] :
|b písničky Josefa Poncara
|
| 260 |
|
|
|a Praha :
|b Supraphon,
|c p2002
|
| 300 |
|
|
|a 1 zvuková kazeta (69:44) :
|b stereo, ADD +
|e 1 leták (22 x 10 cm)
|
| 306 |
|
|
|a 010944
|
| 500 |
|
|
|a Vybrala a sestavila Helena Bartíková
|
| 500 |
|
|
|a Vydáno také na kompaktní desce s objednacím číslem SU 5381-2 411
|
| 500 |
|
|
|a Nahráno v letech 1972 a 1986 ve studiích Supraphonu
|
| 500 |
|
|
|a Durata: 69:44
|
| 505 |
0 |
0 |
|t Přes dvě vesnice --
|t Já nejsem žárlivá --
|t Má nejdražší --
|t Karlíčku můj --
|t Popovická --
|t Vy zvonky v Loretě --
|t Počápelská --
|t Chodouňská --
|t Ten večer májový --
|t O pouti --
|t Modrá kukadla --
|t Když slyším klarinet --
|t Hudlická --
|t Dnes, ještě dnes --
|t Za potočinou --
|t Jaruška --
|t Tetínská --
|t Hostivařská --
|t Žal srdce --
|t Nesmělá kapela --
|t Kdo jednou miloval --
|t Až já budu rukovat
|
| 511 |
0 |
|
|a Josef Zíma, zpěv; Jindra Střítezská, zpěv; Věra Příkazská, zpěv ... [et al.]
|
| 511 |
0 |
|
|a Hraje Dechová hudba Supraphon, řídí Jindřich Bauer; česká muzika, řídí Josef Charvát; Sbor Lubomíra Pánka
|
| 650 |
0 |
7 |
|a lidové písně
|7 ph122317
|x úpravy
|2 czenas
|
| 650 |
0 |
7 |
|a dechová hudba
|7 ph119353
|2 czenas
|
| 655 |
|
4 |
|a valčíky
|
| 655 |
|
4 |
|a pochody
|
| 655 |
|
4 |
|a mazurky
|
| 655 |
|
4 |
|a pochodové písně
|
| 655 |
|
4 |
|a taneční formy
|
| 700 |
1 |
|
|a Bartíková, Helena
|7 jx20040720225
|4 com
|
| 700 |
1 |
|
|a Zíma, Josef,
|d 1932-2025
|7 jn19990210845
|4 prf
|
| 700 |
1 |
|
|a Střítezská, Jindra
|7 ola2008474724
|4 prf
|
| 700 |
1 |
|
|a Příkazská, Věra,
|d 1931-
|7 xx0085849
|4 prf
|
| 700 |
1 |
|
|a Bauer, Jindřich
|7 jx20051228004
|4 cnd
|
| 700 |
1 |
|
|a Charvát, Josef,
|d 1915-1994
|7 ola2003167577
|4 cnd
|
| 710 |
2 |
|
|a Dechová hudba Supraphon (hudební skupina)
|7 ko2002146650
|4 prf
|
| 710 |
2 |
|
|a Česká muzika (hudební skupina)
|7 ko2010583721
|4 prf
|
| 910 |
|
|
|a BOA001
|b KZ-0010.376
|
| 990 |
|
|
|a AV
|
| 996 |
6 |
|
|b 261H011281
|c KZ-0010.376
|l MZK
|r Sklad / do 24 hodin
|n 0
|w 000598136
|u 000010
|a 1
|e BOA001
|j MZK50
|s P
|